000 00564pab a2200181 454500
008 180718b1995 xxu||||| |||| 00| 0 eng d
100 _aIngraham, Patricia W.
245 _aPolitical management strategies and political/career relationship
_bwhere are we now in the federal government.
260 _c1995
300 _ap.263-72
362 _aMay-Jun
650 _aGovernment executives - U.S.A.
650 _aCivil service - U.S.A.
700 _aEisenberg, Elliot
700 _aThompson, James R.
773 _aPublic Administration Review
909 _a28598
999 _c28598
_d28598